Former countries and territories by anagram Quiz Stats

 Plays Quiz not verified by Sporcle

Support Sporcle.
Go Orange.
Score 0/17 Timer 10:00
0 Plays Today
Anagram Country % Correct
A Goal Ivy UsYugoslavia
54.8%
Envious On ItSoviet Union
51.6%
Popular VetUpper Volta
32.3%
Won Laden FundNewfoundland
32.3%
A Gin At YankTanganyika
32.3%
Iguana Rays HurtAustria-Hungary
25.8%
Meantime TroopOttoman Empire
22.6%
A Bad Emergent Iron SonSerbia and Montenegro
22.6%
Go Salt DocGold Coast
19.4%
Anagram Country % Correct
Vain Chef CryVichy France
16.1%
Curable Ire WimpWeimar Republic
16.1%
Heartiest FiresIrish Free State
12.9%
A Scattered Foes NetConfederate States of America
12.9%
Needs A Diss WithinDanish West Indies
12.9%
A Thralled Tennis LensNetherlands Antilles
12.9%
Alertness Test MittsStraits Settlements
12.9%
Rabid Sushi ThornBritish Honduras
9.7%

You're not logged in!

Compare scores with friends on all Sporcle quizzes.
OR
Log In

From the Vault

Literal Chinese Translations

by Swingo

We wonder how many people are walking around with a tattoo meaning 'dragon-shrimp' and have no idea...
Remove Ads.
Support Sporcle.
Get the best of Sporcle when you Go Orange. This ad-free experience offers more features, more stats, and more fun while also helping to support Sporcle. Thank you for becoming a member.

Show Comments

Extras

Created Mar 15, 2012ReportNominate
Tags:Country Quiz, anagrams

Top Quizzes Today


Score Distribution

Your Account Isn't Verified!

In order to create a playlist on Sporcle, you need to verify the email address you used during registration. Go to your Sporcle Settings to finish the process.

Report this User

Report this user for behavior that violates our Community Guidelines.

Details: